000 00885nam a22002537a 4500
003 CSPC
005 20260213142918.0
008 260213c2006 ph r i 00 0 eng d
022 _a0115-7051
040 _aCSPC
_cCCPC
_beng
_erda
245 0 0 _aDynamics of research.
264 1 _aIriga City :
_bUniversity of Saint Anthony Graduate School,
_c2006.
300 _avolumes :
_billustrations ;
_c22 cm.
337 _2rdacontent
_atext
338 _2rdamedia
_aunmediated
362 _aVolume 4
504 _aIncludes bibliographical references.
650 _aResearch
_vPeriodicals.
650 _aScientific research
_vPeriodicals.
650 _aResearch design
_vPeriodicals.
700 1 _aAtian, Dulce F.,
_eeditor.
942 _2ddc
_n0
_cSERIALS
_h001.4
_iD993
_kSER
_m2006
999 _c31780
_d31780